Language visible : (Record no. 115)

000 -LEADER
fixed length control field 01331cam a22003494a 4500
001 - CONTROL NUMBER
control field 13019846
003 - CONTROL NUMBER IDENTIFIER
control field OSt
005 - DATE AND TIME OF LATEST TRANSACTION
control field 20210416053406.0
008 - FIXED-LENGTH DATA ELEMENTS--GENERAL INFORMATION
fixed length control field 021204s2003 nyuab b 001 0 eng
010 ## - LIBRARY OF CONGRESS CONTROL NUMBER
LC control number 2002038343
020 ## - INTERNATIONAL STANDARD BOOK NUMBER
International Standard Book Number 0767911725
040 ## - CATALOGING SOURCE
Original cataloging agency DLC
Transcribing agency DLC
Modifying agency DLC
042 ## - AUTHENTICATION CODE
Authentication code pcc
050 00 - LIBRARY OF CONGRESS CALL NUMBER
Classification number P211
Item number .S32 2003
080 ## - UNIVERSAL DECIMAL CLASSIFICATION NUMBER
Universal Decimal Classification number 811
Item number S-11
082 00 - DEWEY DECIMAL CLASSIFICATION NUMBER
Classification number 411
Edition number 21
100 1# - MAIN ENTRY--PERSONAL NAME
Personal name Sacks, David.
245 10 - TITLE STATEMENT
Title Language visible :
Remainder of title unraveling the mystery of the alphabet from A to Z /
Statement of responsibility, etc. David Sacks.
250 ## - EDITION STATEMENT
Edition statement 1st ed.
260 ## - PUBLICATION, DISTRIBUTION, ETC.
Place of publication, distribution, etc. New York :
Name of publisher, distributor, etc. Broadway Books,
Date of publication, distribution, etc. 2003.
300 ## - PHYSICAL DESCRIPTION
Extent xiii, 395 p. :
Other physical details ill., maps ;
Dimensions 22 cm.
365 ## - TRADE PRICE
Price amount 24.95 usd
504 ## - BIBLIOGRAPHY, ETC. NOTE
Bibliography, etc. note Includes bibliographical references (p. [369]-375) and index.
650 #0 - SUBJECT ADDED ENTRY--TOPICAL TERM
Topical term or geographic name entry element Alphabet
General subdivision History.
650 #0 - SUBJECT ADDED ENTRY--TOPICAL TERM
Topical term or geographic name entry element English language
General subdivision Alphabet.
700 ## - ADDED ENTRY--PERSONAL NAME
9 (RLIN) 44
Personal name Sacks, David
856 42 - ELECTRONIC LOCATION AND ACCESS
Materials specified Contributor biographical information
Uniform Resource Identifier <a href="http://www.loc.gov/catdir/bios/random054/2002038343.html">http://www.loc.gov/catdir/bios/random054/2002038343.html</a>
856 42 - ELECTRONIC LOCATION AND ACCESS
Materials specified Publisher description
Uniform Resource Identifier <a href="http://www.loc.gov/catdir/description/random0414/2002038343.html">http://www.loc.gov/catdir/description/random0414/2002038343.html</a>
906 ## - LOCAL DATA ELEMENT F, LDF (RLIN)
a 7
b cbc
c orignew
d 1
e ocip
f 20
g y-gencatlg
942 ## - ADDED ENTRY ELEMENTS (KOHA)
Source of classification or shelving scheme
Koha item type Books
Edition 1
Holdings
Withdrawn status Lost status Source of classification or shelving scheme Damaged status Not for loan Permanent location Current location Date acquired Inventory number Full call number Barcode Date last seen Price effective from Koha item type Total Checkouts
          Ken Walker International University Ken Walker International University 11/11/2020 308 811 S-11 308 11/11/2020 11/11/2020 Books  
          Ken Walker International University Ken Walker International University 11/27/2020 716 811 S-11 716 11/27/2020 11/27/2020 Books  

Powered by Koha